000 00673nam a2200241Ia 4500
003 OSt
005 20220918172909.0
006 a|||||r|||| 00| 0
007 ta
008 220917b |||||||| |||| 00| 0 eng d
024 _a3,921
037 _cTextual
040 _aARTS
_cARTS
_beng
041 _2eng
_aeng
082 _a2jN35, N1 (2D)
100 _aDevarajan G ed
_924852
245 0 _aProfessional Librarianship
_b C A Augustine Festschrift
260 _aNew Delhi
_bEss Ess pub
_c1991
300 _axiv,212p Bibliography
_ccm.
650 _aLIBRARY SCIENCE
942 _h2jN35, N1 (2D)
_cTEXL
_2CC
999 _c146243
_d146243